Quizzes
Events
Quiz Creation
Community
Videos
Private Events
Remove Ads
Sign In
Join for FREE
Feedback
Dark Mode
Quiz Categories
Sports
Geography
Music
Movies
Television
Just For Fun
Miscellaneous
History
Literature
Language
Science
Gaming
Entertainment
Religion
Holiday
For Kids
Quiz Lab
Recent
Popular Today
Quiz Kudos Today
Editor Picks
Curator Picks
Quizzes by...
Day
Popularity
Type
Ratings
Length
Year
Community
Subscriptions
Recent Discussions
Orange Saloon
Badges
Playlists
Quests
Create
Leaderboards
Showdown
Live 5
Trivia Bingo
Activity
Puzzle Library
Sporcle Events
Private Events
Virtual Trivia
Globe League
Become a Host
Pub Owners
SporcleCon
Opinionation
Our Games
Videos
Blog
Mobile Apps
Partnerships
Remove Ads and Go Orange
Feedback
Sports
Athletes
MLB
NBA
NHL
NFL
Soccer
Sports Teams
WWE
NCAA
Football
Premier League
Basketball
Baseball
Hockey
Golf
Tennis
Cricket
Rugby
Auto Racing
Olympics
World Cup
Sports
Athletes
MLB
NBA
NHL
NFL
Soccer
Sports Teams
WWE
NCAA
Football
Premier League
Basketball
Baseball
Hockey
Golf
Tennis
Cricket
Rugby
Auto Racing
Olympics
World Cup
Random Quiz
Search Sporcle
×
Quiz Lab
Quiz Lab
Sports
club
Type in answers that appear in a list
Type in answers that appear in a list
Classic
Best Score? Go Orange.
Can you name the Bundesliga Winners? Stats
Can you name the Bundesliga Winners??
By
Donar
5m
47 Questions
371 Plays
371 Plays
371 Plays
Comments
Comments
Give Quiz Kudos
Give Quiz Kudos
-
- Ratings
hide this ad
Replay
Link that replays current quiz
Next Quiz
Link to next quiz in quiz playlist
You Got
0%
They Got
Avg Score
54%
Avg Friend Score
Upgrade to see
Score Distribution
Jump to the score distribution portion of the page
Score
0/47
Timer
05:00
0
Plays Today
Season
Club
% Correct
1994/
95
Borussia Dortmund
90.3%
1995/
96
Borussia Dortmund
90.3%
2001/
02
Borussia Dortmund
90.3%
1964/
65
Werder Bremen
69.8%
1987/
88
Werder Bremen
69.8%
1992/
93
Werder Bremen
69.8%
2003/
04
Werder Bremen
69.8%
2008/
09
VfL Wolfsburg
68.2%
1983/
84
VfB Stuttgart
64.4%
1991/
92
VfB Stuttgart
64.4%
2006/
07
VfB Stuttgart
64.4%
1990/
91
1. FC Kaiserslautern
52.6%
1997/
98
1. FC Kaiserslautern
52.6%
1968/
69
FC Bayern München
49.6%
1971/
72
FC Bayern München
49.6%
1972/
73
FC Bayern München
49.6%
1973/
74
FC Bayern München
49.6%
1979/
80
FC Bayern München
49.6%
1980/
81
FC Bayern München
49.6%
1984/
85
FC Bayern München
49.6%
1985/
86
FC Bayern München
49.6%
1986/
87
FC Bayern München
49.6%
1988/
89
FC Bayern München
49.6%
1989/
90
FC Bayern München
49.6%
Season
Club
% Correct
1993/
94
FC Bayern München
49.6%
1996/
97
FC Bayern München
49.6%
1998/
99
FC Bayern München
49.6%
1999/
00
FC Bayern München
49.6%
2000/
01
FC Bayern München
49.6%
2002/
03
FC Bayern München
49.6%
2004/
05
FC Bayern München
49.6%
2005/
06
FC Bayern München
49.6%
2007/
08
FC Bayern München
49.6%
2009/
10
FC Bayern München
49.6%
1978/
79
Hamburger SV
48%
1981/
82
Hamburger SV
48%
1982/
83
Hamburger SV
48%
1969/
70
Borussia Mönchengladbach
47.2%
1970/
71
Borussia Mönchengladbach
47.2%
1974/
75
Borussia Mönchengladbach
47.2%
1975/
76
Borussia Mönchengladbach
47.2%
1976/
77
Borussia Mönchengladbach
47.2%
1963/
64
1. FC Köln
45.8%
1977/
78
1. FC Köln
45.8%
1965/
66
TSV 1860 München
39.6%
1967/
68
1. FC Nürnberg
38%
1966/
67
Eintracht Braunschweig
35.3%
Quiz Playlist
Details
Report
Send in Message
Add To Playlist
Classic:
Type in answers that appear in a list
Last Updated: Feb 16, 2017
Quiz Scoreboard
CHALLENGE
Sign Up to Join the Scoreboard
Show All
Scores
Hide
Comments
May contain spoilers
Recently Published
Presidents Visiting Landmarks
by Hejman
History
7m
An Introduction to Baseball
by treessimontrees
Sports
5m
Movies - When Are They Set?
by FPL_Elf
Movies
5m
More to Explore
Quiz From the Vault
Featured Blog Post
Where Did the Easter Bunny Come From?
hide this ad
You Might Also Like...
Tags
bundesliga
club
season
Winner
Today's Top Quizzes in Sports
Browse Sports
hide this ad
Today's Top Quizzes in club
Browse club
Top Contributed Quizzes in Sports
1
Les meilleurs buteurs des matchs entre le PSG et l’OM
2
2022 World Cup Stars
3
FIFA Club World Cup Champions
4
Les entraîneurs de l'OM et du PSG au 21e siècle
5
Name the Premier League winners with different clubs
6
La finale Lions - Afrique du Sud 2021
7
5-to-1: UK Sports Teams
8
England Test cricketers to play under Nasser Hussain
9
Players with Multiple 50 Home Run Seasons
10
AFC Teams Reveal (Wrong Answers Minefield)
Explore More
Trending Topics
NBA
Crossword
Disney
Kpop
Marvel
Harry Potter
Anime
Song
The Office
Puzzle
Country
Soccer
WWE
NFL
Pokémon
hide this ad
More By:
Donar
Quiz
Plays
Rating
Category
Featured
Created
Can you name the Bundesliga Winners?
371
1.14
Sports
Jun 12, 2010
Go to Creator's Profile
Score Distribution
Quiz Creator Spotlight
Donar
Follow
Send a Message
Quizzes Created
-
Created Quiz Play Count
-
More By This Creator
Popular Quizzes Today
1
Find the US States - No Outlines Minefield
2
Find the Countries of Europe - No Outlines Minefield
3
The Countries of the World
4
Find the US States
5
Popular People in 1961
6
US States
7
Risky Map Clicking: Biggest States A-Z
8
1-10 Letter E Words III
More Sports Quizzes
Pixel Art - NFL Team VI
Published
Trending Quizzes
Risky Map Clicking: Least Populous States A-Z
1-10 Letter G Words
1-10 Letter F Words
One Thing in Common: United Kingdom
Risky Map Clicking: Next State Alphabetically
Recently Updated
Leaping Animals
pecheneg
Reality TV Shows (A-Z)
bhenderson79
Rickey Henderson's Hall of Fame Teammates
pecheneg
Champions League XIs: Arsenal
pecheneg
Quick Pick: Celebrities in WWE's Hall of Fame
aduchscher
A-Z Keypad Blitz II
pecheneg
Multiple Oscar Actors
pecheneg
Mystery Phrase Blitz: Oscar 'Best Actors'
pecheneg
F. Scott Fitzgerald Novels
LTH
Pick 3 Villains
ddd62291
Trending Topics
Kpop
Marvel
Crossword
Anime
Disney
NBA
Harry Potter
WWE
Pokémon
Song
The Office
NFL
Soccer
Country
Puzzle
Your Account Isn't Verified!
In order to create a playlist on Sporcle, you need to verify the email address you used during registration. Go to your
Sporcle Settings
to finish the process.
Report this User
Report this user for behavior that violates our
Community Guidelines
.
Details:
Send Report
Go to the Sporcle.com Mobile Site →
Comments